00680pab a2200205 454500008004000000100002400040245012000064260000900184300001200193362001100205650002300216650003400239650002600273700001700299773002000316908000600336909001000342999001700352952010500369180718b2009 xxu||||| |||| 00| 0 eng d aReddy, H. Lokanadha aIntegration of disability studies in general curriculum at school and college levels in India: a critical appraisal c2009 ap.7-13. a27 Apr aCurriculum - India aLearning disabilities - India aLearning disabilities aPoornima, R. aUniversity News aN a82090 c82090d82090 00104070aIIPAbIIPAd2018-07-19hVolume no: 47, Issue no: 17pAR82550r2018-07-19w2018-07-19yAR